000 00827nam a2200241 i 4500
001 66792
003 ES-MaACL
005 20250728062603.0
007 t|
008 030516s2003 sp ||||0| spa d
020 _a84-7392-513-0
080 _a1 Heidegger, Martin
100 1 _aFlórez Flórez, Ramiro.
_951319
245 1 0 _aSer y advenimiento
_b: estancias en el pensamiento de Heidegger /
_cRamiro Flórez.
260 _aMadrid :
_bFundación Universitaria Española,
_c2003.
300 _a391 p. ;
_c24 cm.
490 1 _aMonografías ;
_v83
600 1 4 _aHeidegger, Martin-
_xCrítica e interpretación.
_962339
710 2 _aFundación Universitaria Española.
_94426
830 1 0 _aMonografías (Centro de Estudios Benaventanos "Ledo del Pozo")
_v83
_9177262
852 _aES-MaACL
_jL-27281
999 _c66792
_d66792